000 00655nam a2200289Ia 4500
005 20260324150718.0
008 008 260324s9999 xx 000 0 eng d
020 _a9781003241218
037 _aEBOOK
040 _aCRL
040 _beng
040 _cCRL
041 _2eng
041 _aeng
084 _qCRL
100 _aArthur Waley
_91186520
245 4 _aThe Poetry and Career of Li Po
245 0 _b701-762
260 _bTaylor and Francis
260 _c1950
365 _a
365 _b140
856 _uhttp://www.taylorfrancis.com/books/9781003241218
942 _cEBOOK
999 _c1837303
_d1837303